000
00341 a2200157 4500
001
189543
020
_a
978-85-260-2336-9
040
_c
Magnum
100
_a
Queirós, Bartolomeu Campos de
240
1
0
_a
Vermelho amargo
_l
por
245
1
0
_a
Vermelho amargo
300
_a
69
362
0
_a
2017
697
_a
LITERATURA GERAL
942
_c
BK
999
_c
189543
_d
189543